|
|
|
|
| LEADER |
02914nam a2200445 4500 |
| 001 |
9781787690578 |
| 003 |
UtOrBLW |
| 005 |
20190617112505.0 |
| 006 |
m o d |
| 007 |
cr un||||||||| |
| 008 |
190617t20192019enk ob 001 0 eng d |
| 020 |
|
|
|a 9781787690578 (e-book)
|
| 040 |
|
|
|a UtOrBLW
|b eng
|e rda
|c UtOrBLW
|d GrThAP
|
| 050 |
|
4 |
|a HB615
|b .S63 2019
|
| 072 |
|
7 |
|a KFC
|2 bicssc
|
| 072 |
|
7 |
|a BUS001000
|2 bisacsh
|
| 080 |
|
|
|a 338
|
| 082 |
0 |
4 |
|a 658.421
|2 23
|
| 100 |
1 |
|
|a Spanò, Rosanna,
|e author.
|
| 245 |
1 |
4 |
|a The multifaceted relationship between accounting, innovative entrepreneurship, and knowledge management :
|b theoretical concerns and empirical insights /
|c Rosanna Spanó and Nadia Di Paola.
|
| 264 |
|
1 |
|a Bingley, U.K. :
|b Emerald Publishing Limited,
|c 2019.
|
| 264 |
|
4 |
|c ©2019
|
| 300 |
|
|
|a 1 online resource (x, 111 pages) ;
|c cm.
|
| 336 |
|
|
|a text
|b txt
|2 rdacontent
|
| 337 |
|
|
|a computer
|b c
|2 rdamedia
|
| 338 |
|
|
|a online resource
|b cr
|2 rdacarrier
|
| 490 |
1 |
|
|a Emerald points
|
| 504 |
|
|
|a Includes bibliographical references and index.
|
| 505 |
0 |
|
|a Prelims -- Introduction -- 1. Innovative entrepreneurship: current issues and future trends -- 2. Controlling innovation and innovating controls towards entrepreneurship -- 3. Empirical insights on the relationship between accounting and entrepreneurship -- References -- Index.
|
| 520 |
|
|
|a The interplay between accounting, innovative entrepreneurship, and knowledge management is an increasingly crucial and yet under-researched topic. These apparently compartmental debates need to be integrated and comprehended as a whole to support the entrepreneurial adventure in this new era.This book proposes a novel approach to the understanding of an entrepreneurial world that is quickly changing. It ties together the debates surrounding control, innovative entrepreneurship, and knowledge management, and acknowledges that there is a need to build a bridge between theory and practice. In doing so it provides a rich empirical analysis to support and complement the theoretical issues raised. The book offers a profound but easily understandable theoretical systematization, to date unavailable, alongside relevant practical and policy implications drawn from real case studies and business plans.The book will prove a useful and thought-provoking read to academic researchers and practitioners who are interested in the key interplay of these previously isolated disciplines.
|
| 588 |
0 |
|
|a Print version record.
|
| 650 |
|
0 |
|a Entrepreneurship.
|
| 650 |
|
0 |
|a Accounting.
|
| 650 |
|
0 |
|a Knowledge management.
|
| 650 |
|
7 |
|a Business & Economics
|x Accounting
|x General.
|2 bisacsh
|
| 650 |
|
7 |
|a Accounting.
|2 bicssc
|
| 700 |
1 |
|
|a Di Paola, Nadia,
|e author.
|
| 776 |
|
|
|z 9781787690608
|
| 830 |
|
0 |
|a Emerald points.
|
| 856 |
4 |
0 |
|u https://www.emerald.com/insight/publication/doi/10.1108/9781787690578
|z Full Text via HEAL-Link
|